Natures matters / (Record no. 164723)

MARC details
000 -LEADER
fixed length control field 00519nam a2200181 4500
005 - DATE AND TIME OF LATEST TRANSACTION
control field 20190524173613.0
010 ## - LCCN (DPL NO)
LC control number ENG-125303
020 ## - INTERNATIONAL STANDARD BOOK NUMBER
International Standard Book Number 8185569835
Terms of availability 270.00
035 ## - SYSTEM CONTROL NUMBER
System control number EN-108835
037 ## - SOURCE OF ACQUISITION
Source of stock number/acquisition DBAD/PUB
082 ## - DEWEY DECIMAL CLASSIFICATION NUMBER
Classification number 333.720
100 ## - MAIN ENTRY--PERSONAL NAME
Personal name Ghosh, Sailendra Nath
245 ## - TITLE STATEMENT
Title Natures matters /
Statement of responsibility, etc by Sailendra Nath Ghosh
260 ## - PUBLICATION, DISTRIBUTION, ETC. (IMPRINT)
Place of publication, distribution, etc Goa
Name of publisher, distributor, etc Other India Press
Date of publication, distribution, etc 2014
270 ## - ADDRESS
Address Above Mapusa Clinic
City Mapusa, Goa
Postal code 403507
300 ## - PHYSICAL DESCRIPTION
Extent xv,207p.
Dimensions 22cm(pbk)
942 ## - ADDED ENTRY ELEMENTS (KOHA)
Source of classification or shelving scheme Dewey Decimal Classification
Item type English Books
Classification part 333.720
Call number suffix GHO
Holdings
Withdrawn status Lost status Not for loan Collection code Home library Current library Date acquired Source of acquisition Cost, normal purchase price Full call number Barcode Copy number Cost, replacement price Koha item type
      Non-fiction Central Library Central Library 24/05/2019 DBAD/PUB 270.00 333.720 GHO EN-108835 1 270.00 English Books

© Delhi Public Library
Hit Counter
free hit counter